| 000 | 00570nam a2200205Ia 4500 | ||
|---|---|---|---|
| 003 | OSt | ||
| 005 | 20230822161804.0 | ||
| 008 | 221216s9999||||xx |||||||||||||| ||und|| | ||
| 020 | _a0-07-288530-0 | ||
| 040 | _cChuka University Library | ||
| 050 |
_aHM 585 _b .M33 2006 |
||
| 100 |
_aMclntyre Lisa. J. _91961 |
||
| 245 | 0 | _aThe practical skeptic: Readings in Sociology | |
| 250 | _a3rd ed | ||
| 260 |
_aMcGraw-Hill _bBoston _c2006 |
||
| 300 | _a372p | ||
| 650 |
_aSociology _99554 _xSocial problems _zUnited States |
||
| 650 |
_aSocial problems _99867 |
||
| 942 |
_cBK _2lcc |
||
| 999 |
_c2753 _d2753 |
||